| 000 | 00477nam a2200169 i 4500 | ||
|---|---|---|---|
| 001 | 100506 | ||
| 003 | ES-MaACL | ||
| 005 | 20240523063032.0 | ||
| 007 | t| | ||
| 008 | 050929s1969 sp ||||1| spa d | ||
| 100 | 0 |
_aMasó, Salustiano, _d1923- _978744 |
|
| 245 | 1 | 3 |
_aLa música y el recuerdo / _cSalustiano Masó. |
| 260 |
_aMadrid : _bEditora Nacional, _c1969. |
||
| 300 |
_a174 p. ; _c21 cm. |
||
| 852 |
_aES-MaACL _jC-36625 _bR.69782 |
||
| 999 |
_c100506 _d100506 |
||